Ciudades de destino / (Record no. 146489)

MARC details
000 -LEADER
campo de control de longitud fija 00658nam a2200217 i 4500
001 - NÚMERO DE CONTROL
campo de control 146489
003 - IDENTIFICADOR DE NÚMERO DE CONTROL
campo de control ES-MaACL
005 - FECHA Y HORA DE LA ÚLTIMA TRANSACCIÓN
campo de control 20230906201543.0
007 - CAMPO FIJO DE DESCRIPCIÓN FÍSICA--INFORMACIÓN GENERAL
campo de control de longitud fija t|
008 - DATOS DE LONGITUD FIJA--INFORMACIÓN GENERAL
campo de control de longitud fija 070911s1968 sp ||||1| spa d
080 ## - NÚMERO DE LA CLASIFICACIÓN DECIMAL UNIVERSAL
Número de la Clasificación Decimal Universal 930.9(02)
080 ## - NÚMERO DE LA CLASIFICACIÓN DECIMAL UNIVERSAL
Número de la Clasificación Decimal Universal 711.432(091)
100 1# - ENTRADA PRINCIPAL--NOMBRE DE PERSONA
Nombre de persona Toynbee, Arnold Joseph.
9 (RLIN) 111194
245 10 - MENCIÓN DEL TÍTULO
Título Ciudades de destino /
Mención de responsabilidad, etc. Arnold Joseph Toynbee ; dirigida por Maurice Bowra[et al.].
260 ## - PUBLICACIÓN, DISTRIBUCIÓN, ETC.
Lugar de publicación, distribución, etc. [Madrid] :
Nombre del editor, distribuidor, etc. Aguilar,
Fecha de publicación, distribución, etc. [1968]
300 ## - DESCRIPCIÓN FÍSICA
Extensión 376 p. :
Otras características físicas il. ;
Dimensiones 36 cm.
650 #4 - PUNTO DE ACCESO ADICIONAL DE MATERIA--TÉRMINO DE MATERIA
Término de materia o nombre geográfico como elemento de entrada Urbanismo-
Subdivisión general Historia.
9 (RLIN) 17706
650 #4 - PUNTO DE ACCESO ADICIONAL DE MATERIA--TÉRMINO DE MATERIA
Término de materia o nombre geográfico como elemento de entrada Ciudades-
Subdivisión de forma Historia.
9 (RLIN) 11076
700 1# - ENTRADA AGREGADA--NOMBRE PERSONAL
Nombre de persona Bowra, Maurice.
9 (RLIN) 31156
852 ## - LOCALIZACIÓN
Ubicación ES-MaACL
Número de control de estantería C-35671
Sublocalización o colección R.68423
Holdings
Estatus retirado Estado de pérdida Estado de daño No para préstamo Biblioteca de origen Biblioteca actual Ubicación en estantería Fecha de adquisición Fuente de adquisición Total de préstamos Signatura topográfica completa Código de barras Visto por última vez Precio de reemplazo Tipo de ítem Koha
        Biblioteca del Ateneo de Madrid Biblioteca del Ateneo de Madrid Depósito 2 17/01/2008     C-35671 1152894 23/02/2023 23/02/2023 Libro impreso